000 00846nam a2200265 a 4500
003 AR-BaBNM
005 20251128204024.0
008 082120s2002 ||||||||||||||000 | spa||
040 _cAR-BaBNM
245 0 0 _aPolítica seguida con el aborigen
_b[Período 1820-1852]. 2
260 _aBuenos Aires
_bComando General del Ejército Buenos Aires
_bCirculo Militar
_c1974
300 _a614 p.
_bmapas, tablas
490 0 _aBiblioteca del oficial
_vv. 664-665
504 _aContiene bibliografía general para consultar p. 9-24
650 4 _aCAMPAÑA DEL DESIERTO
650 4 _aABORIGENES ARGENTINOS
650 4 _aROSAS Y SU TIEMPO
650 4 _aANARQUIA DE 1820
650 4 _aHISTORIA MILITAR
650 4 _aHISTORIA SOCIAL
650 4 _aHISTORIA POLITICA
800 1 _aMartínez Pita, Rodolfo
_efundador
942 _cBK
998 _cmariana
999 _c5828
_d5828